Statistics for Most Guessed Countries, Capitals, US States and Elements

Click here to take the quiz!

General Stats

  • This quiz has been taken 41 times
  • The average score is 30 of 40

Answer Stats

%Answer% Correct
Country95%China
97%
Country94%France
97%
Capitals89%London
97%
Capitals92%Paris
97%
Country97%United States
97%
US States92%Washington
97%
Capitals85%Washington D.C.
97%
Country94%Brazil
93%
US States96%California
93%
Country96%Canada
93%
Country94%Mexico
93%
US States96%Texas
93%
Country94%United Kingdom
93%
Capitals88%Berlin
90%
US States94%Florida
90%
Country95%Russia
90%
Country93%Italy
87%
US States94%New York
87%
Capitals81%Tokyo
87%
Capitals85%Madrid
83%
Country93%Australia
80%
Capitals84%Moscow
80%
Capitals89%Rome
77%
Elements94%Oxygen
73%
US States83%Alabama
70%
Elements92%Helium
70%
Elements95%Hydrogen
70%
US States83%Nevada
70%
Elements88%Carbon
67%
Elements87%Gold
63%
US States89%Alaska
60%
US States83%Hawaii
57%
Elements84%Silver
57%
Elements83%Nitrogen
53%
Capitals81%Dublin
50%
Elements80%Iron
47%
Capitals82%Athens
43%
Elements78%Lithium
37%
Elements76%Sodium
33%
US States83%North Dakota
23%

Score Distribution

Percentile by Number Answered

Percent of People with Each Score

Your Score History

You have not taken this quiz